000
00180 a2200097 4500
020
_a
1564921018
041
_a
spa
100
_a
kohen,Clarita
245
_a
El Agua y tu
942
_c
BK
999
_c
31749
_d
31747